1122 1510 1450 1804 1383 1397 1061 1772 1699 1936 1441 1861 1697 1049 1268 1917 1421 1118 1684 1562 1440 1853 1147 1568 1015 1903 1018 1053 1806 1261 1814 1464 1604 1107 1505 1356 1628 1446 1833 1622 1517 1305 1288 1252 1463 1167 1690 1513 1214 1582 1288 1665 1146 1692 1124 1828 1838 1178 1493 1219 1943 1233 1018 1927 1365 1952 1446 1571 1727 1572 1576 1494 1532 1539 1101 1981 1145 1677 1960 1396 1111 1980 1965 1150 1813 1544 1121 1802 1709 1679 1100 1855 1874 1409 1134 1159 1154 1805 1689 BCNSPRNW ULIB Ver.6.0+V

เปลี่ยนเป็นภาษาไทย

Change to English
 แสดงรายละเอียดบรรณานุกรม
  กลับหน้าหลัก

Brief Record : Get Marc (ISO 2709) : E-mail record : QR code < ปิดหน้าต่าง
LEADER : 00000nam 2200000uu 4500
001    13399122134
003     ULIB
008    130103s2555||||th 000 0 tha d
020    ^a9786169017363
060  4 ^aWY157.3^bK181ก
100    ^aKarla L. Luxner,RNC,ND.^eเขียน
110    ^aกระทรวงสาธารณสุข.^bสถาบันพระบรมราชชนก.^bวิทยาลัยพยาบาลบรมราชชนนี กรุงเทพ.
245    ^aการวางแผนการพยาบาลมารดาและทารก =^bDelmar s Maternal-Infant : Nursing Care Plans./^cKarla L. Luxner,RNC,ND
246 31 ^aDelmar s Maternal-Infant : Nursing Care Plans.
250    ^aพิมพ์ครั้งที่ 1
260    ^aกรุงเทพฯ :^bวิทยาลัยพยาบาลบรมราชชนนี กรุงเทพ.,^c2555
300    ^a347 หน้า
650    ^aการวางแผนการพยาบาล^xมารดาและทารก
650    ^aการพยาบาล^xมารดาและทารก
700    ^aคณาจารย์วิทยาลัยพยาบาลบรมราชชนนี กรุงเทพ.^eแปล
856    ^a^zBinder1.pdf (Content)^uhttp://113.53.232.221:80/UlibM//_fulltext/5/13399121311/20121115101755_1753.pdf
945    ^p395^l0^i19563
945    ^p395^l0^i19564
945    ^p395^l0^i19565
945    ^p395^l0^i19566
945    ^p395^l0^i19567
945    ^p395^l0^i20187
999    ^aกัณชพร
รายการนี้ยังไม่มีแท็ก
คุณยังไม่ได้ล็อกอิน คุณสามารถมีกิจกรรมร่วมกับเว็บไซต์ได้ แต่ต้องล็อกอินก่อน ::
  ล็อกอิน

รายการสื่อสารสนเทศ

ลำดับที่ ประเภท เลขเรียก/บาร์โค้ด สถานที่ สถานะ
1. Book การพยาบาล
Book การพยาบาล
WY157.3 K181ก ฉ.1 
  Barcode: 19563
ห้องสมุดวิทยาเขตนครสวรรค์
►หนังสือทั่วไป:l:General Books
บนชั้น
2. Book การพยาบาล
Book การพยาบาล
สถานะ=หนังสือเก่า
WY157.3 K181ก ฉ.2 
  Barcode: 19564
ห้องสมุดวิทยาเขตนครสวรรค์
►ส่วนจัดเก็บหนังสือเก่า นว.
บนชั้น
  ขอยืม
3. Book การพยาบาล
Book การพยาบาล
สถานะ=หนังสือเก่า
WY157.3 K181ก ฉ.3 
  Barcode: 19565
ห้องสมุดวิทยาเขตนครสวรรค์
►ส่วนจัดเก็บหนังสือเก่า นว.
บนชั้น
  ขอยืม
4. Book การพยาบาล
Book การพยาบาล
สถานะ=หนังสือเก่า
WY157.3 K181ก ฉ.4 
  Barcode: 19566
ห้องสมุดวิทยาเขตนครสวรรค์
►ส่วนจัดเก็บหนังสือเก่า นว.
บนชั้น
  ขอยืม
5. Book การพยาบาล
Book การพยาบาล
สถานะ=หนังสือเก่า
WY157.3 K181ก ฉ.5 
  Barcode: 19567
ห้องสมุดวิทยาเขตนครสวรรค์
►ส่วนจัดเก็บหนังสือเก่า นว.
บนชั้น
  ขอยืม
6. Book การพยาบาล
Book การพยาบาล
สถานะ=หนังสือเก่า
WY157.3 K181ก ฉ.6 
  Barcode: 20187
ห้องสมุดวิทยาเขตนครสวรรค์
►ส่วนจัดเก็บหนังสือเก่า นว.
บนชั้น
  ขอยืม

BibComment


ยังไม่เคยถูกคอมเมนท์

คอมเมนท์ทรัพยากรรายการนี้
  คอมเมนท์: การวางแผนการพยาบ..


 Copyright 2026. Bcnsprnw @Library